00217nam a2200097Ia 4500008004100000100001600041245002900057260000900086942000700095999001700102190216s9999||||xx |||||||||||||| ||und|| aDiwakar R R 0aStories Of Vikramadithya bNull cBK c13751d13751